Aura / (Registro nro. 33087)
[ vista simple ]
| 000 -LEADER | |
|---|---|
| fixed length control field | 01142cam a2200337 i 4500 |
| 001 - CONTROL NUMBER | |
| control field | 33087 |
| 003 - CONTROL NUMBER IDENTIFIER | |
| control field | Mx-PuUPA |
| 005 - DATE AND TIME OF LATEST TRANSACTION | |
| control field | 20250403122635.0 |
| 008 - FIXED-LENGTH DATA ELEMENTS--GENERAL INFORMATION | |
| fixed length control field | 140415s2012 mx r 000 0 spa d |
| 020 ## - INTERNATIONAL STANDARD BOOK NUMBER | |
| International Standard Book Number | 9786074451849 |
| 040 ## - CATALOGING SOURCE | |
| Original cataloging agency | Mx-PuUPA |
| Language of cataloging | spa |
| Transcribing agency | Mx-PuUPA |
| Modifying agency | Mx-PuUPA |
| Description conventions | rda |
| 041 0# - LANGUAGE CODE | |
| Language code of text/sound track or separate title | spa |
| 100 1# - MAIN ENTRY--PERSONAL NAME | |
| Personal name | Fuentes, Carlos, |
| Dates associated with a name | 1928-2012 |
| Relator term | autor |
| 9 (RLIN) | 6919 |
| 245 10 - TITLE STATEMENT | |
| Title | Aura / |
| Statement of responsibility, etc. | Carlos Fuentes |
| 250 ## - EDITION STATEMENT | |
| Edition statement | Segunda edición |
| 264 #1 - PRODUCTION, PUBLICATION, DISTRIBUTION, MANUFACTURE, AND COPYRIGHT NOTICE | |
| Place of production, publication, distribution, manufacture | México D.F. : |
| Name of producer, publisher, distributor, manufacturer | Ediciones Era, |
| Date of production, publication, distribution, manufacture, or copyright notice | 2012 |
| 300 ## - PHYSICAL DESCRIPTION | |
| Extent | 61 páginas ; |
| Dimensions | 20 cm |
| 336 ## - CONTENT TYPE | |
| Content type term | texto |
| Fuente | rdacontent |
| Content type code | txt |
| 337 ## - MEDIA TYPE | |
| Media type term | sin medio |
| Source | rdamedia |
| Media type code | n |
| 338 ## - CARRIER TYPE | |
| Carrier type term | volumen |
| Source | rdacarrier |
| Carrier type code | nc |
| 490 0# - SERIES STATEMENT | |
| Series statement | Biblioteca Era |
| 500 ## - GENERAL NOTE | |
| General note | Reimpresiones: (Primera, mayo de 2012) ; (Cuarta, septiembre de 2012) ; (11a., 2017). |
| 650 #7 - SUBJECT ADDED ENTRY--TOPICAL TERM | |
| Source of heading or term | armarc |
| Topical term or geographic name entry element | Literatura mexicana |
| 650 #7 - SUBJECT ADDED ENTRY--TOPICAL TERM | |
| Source of heading or term | armarc |
| Topical term or geographic name entry element | Historias de terror |
| 655 #7 - INDEX TERM--GENRE/FORM | |
| Source of term | armarc |
| Genre/form data or focus term | Novela mexicana |
| Chronological subdivision | Siglo XX |
| 655 #7 - INDEX TERM--GENRE/FORM | |
| Source of term | armarc |
| Genre/form data or focus term | Novela doméstica |
| 942 ## - ADDED ENTRY ELEMENTS (KOHA) | |
| Source of classification or shelving scheme | Dewey Decimal Classification |
| Koha item type | Libro |
| Classification part | 863.6 |
| Item part | F953 |
| Withdrawn status | Lost status | Source of classification or shelving scheme | Damaged status | Not for loan | Collection code | Home library | Current library | Shelving location | Date acquired | Source of acquisition | Total Checkouts | Full call number | Barcode | Date last seen | Date last checked out | Price effective from | Koha item type | Cost, normal purchase price | Copy number | Cost, replacement price | Total Renewals | Checked out |
|---|---|---|---|---|---|---|---|---|---|---|---|---|---|---|---|---|---|---|---|---|---|---|
| Dewey Decimal Classification | General | Biblioteca Karol Wojtyla | Biblioteca Karol Wojtyla | Sala general | 13/03/2017 | Compra | 5 | 863.6 F953 2012 | 72552 | 05/01/2026 | 29/11/2019 | 10/07/2018 | Libro | |||||||||
| Dewey Decimal Classification | General | Biblioteca Karol Wojtyla | Biblioteca Karol Wojtyla | Sala general | 05/08/2021 | 1 | 4 | 863.6 F953 2012 | 99308 | 08/05/2026 | 29/04/2026 | 05/08/2021 | Libro | 111.00 | Ej.3 | 111.00 | ||||||
| Dewey Decimal Classification | General | Biblioteca Karol Wojtyla | Biblioteca Karol Wojtyla | Sala general | 13/03/2017 | Compra | 4 | 863.6 F953 2012 | 99309 | 26/01/2026 | 23/01/2026 | 10/07/2018 | Libro | Ej.2 | 1 | |||||||
| Dewey Decimal Classification | General | Biblioteca Karol Wojtyla | Biblioteca Karol Wojtyla | Sala general | 13/03/2017 | Compra | 3 | 863 F953 2012 | 99310 | 18/03/2020 | 18/03/2020 | 10/07/2018 | Libro | Ej.3 | 27/04/2020 | |||||||
| Dewey Decimal Classification | General | Tehuacán | Tehuacán | Sala general | 03/12/2013 | Compra | 863.6 F953 2012 | 968000003086 | 08/01/2025 | 07/11/2017 | 03/12/2013 | Libro |